000 00713nam a22001577a 4500
003 OSt
005 20151002104259.0
008 151002b xxu||||| |||| 00| 0 eng d
040 _cRUA
082 _aAVM កៅ 1989 B065 Or.1
100 _91733
_aកៅ ផល់
245 _aបច្ចេកទេសនៃការពិឃាដ និង ការត្រួតពិនិត្យអានាម័យ សាច់គោ ក្របីចំពោះដង្កូវសំប៉ែតនៅក្នុងថ្លើម (ហ្វាស្យូឡូស) នៅមណ្ឌសត្តឃាដ២ធ្នូ
260 _aPhnom Penh
_bRUA
_c1989
300 _a65p.
_bill.
_c29cm.
942 _2ddc
_cAVM
999 _c1635
_d1635